Finde die Stadt (Geographie: Entfernungen Quiz - 2) - Statistiken

Allgemein
  • Dieses Quiz wurde 67 mal gespielt
  • Das Durchschnittsergebnis liegt bei 5 aus 10
Antwortstatistiken
Stadt Distanz in Km Richtung Gesuchte Stadt % Korrekt
Hamburg 86 Norden Kiel
93%
Tallin 280 Süden Riga
78%
Bremen 328 Süden Frankfurt
70%
Freiburg 633 Osten Wien
67%
Oslo 787 Osten Helsinki
61%
Bern 210 Süden Turin
56%
Paris 830 Süden Barcelona
41%
Bonn 167 Süden Saarbrücken
41%
Bilbao 898 Norden Cardiff
13%
Tunis 1431 Westen Sevilla
13%
Keine übereinstimmenden Quizze gefunden
Verteilung der Resultate
Anzahl Personen mit jedem Resultat
Perzentil nach korrekt beantworteten Fragen
Ihre Resultats-Entwicklung
Sie haben dieses Quiz noch nicht gespielt